| 000 | 01030nam a22002537a 4500 | ||
|---|---|---|---|
| 001 | BRCA_9350 | ||
| 003 | FranzMayer | ||
| 005 | 20230918121738.0 | ||
| 008 | 230828b |||||||| |||| 00| 0 eng d | ||
| 020 | _a0853318999 | ||
| 040 |
_aMFM _bespañol _cMFM |
||
| 050 | 0 |
_aNK7240.I8 _bC94 2004 |
|
| 100 | 1 |
_4Autor _aCzernis-Ryl. Eva _929274 |
|
| 240 |
_aContemporany Silver _hMade in Italy _lInglés |
||
| 245 | 0 |
_aContemporany Silver _bMade in Italy |
|
| 260 |
_aAustralia _bPowerhouse Publishing _c2004 |
||
| 300 |
_a127 p _bIlustraciones a color _c29 cm |
||
| 500 | _aAnexo 1 | ||
| 500 | _aEl material se encuentra con pasta dura y una sobrecubierta que lo cubre. | ||
| 505 | _aTexto en: inglésIncluye índice temáticoIncluye bibliografíaDirigido a: artistas, artesanos o personas con interés en las artes decorativas con plata | ||
| 650 | 1 |
_2Artes decorativas y aplicativas _aOtras artes industriañes _vOro y plata _929275 |
|
| 651 | 2 |
_2Trabajo con metales _aHerramientas con plata _vItalia _929276 |
|
| 942 |
_2lcc _cB |
||
| 999 |
_c10972 _d10972 |
||